| 000 | 01097 a2200229 4500 | ||
|---|---|---|---|
| 003 | Nust | ||
| 005 | 20170207154015.0 | ||
| 010 | _a 2001033258 | ||
| 020 | _a1556227361 (pbk.) | ||
| 040 | _cNust | ||
| 082 | 0 | 0 | _a005.1 |
| 100 | 1 | _aBucknall, Julian. | |
| 245 | 1 | 4 |
_aThe Tomes of Delphi : _bAlgorithms and Data Structures / (E-BOOK) _cJulian Bucknall. |
| 260 |
_aPlano, Tex. : _bWordware Publishing, _cc2001. |
||
| 300 |
_axviii, 525 p. : _bill. ; _c24 cm. + _e1 CD-ROM (4 3/ in.) |
||
| 440 | 0 | _aWordware Delphi developer's library | |
| 505 | _aIntroduction (Page-x), What is an Algorithm? (Page-1), Arrays (Page-27), Linked Lists, Stacks, and Queues (Page-63), Searching (Page-115), Sorting (Page-133), Randomized Algorithms (Page-183), Hashing and Hash Tables (Page-227), Binary Trees (Page-277), Priority Queues and Heapsort (Page-331), State Machines and Regular Expressions (Page-357), Data Compression (Page-409), Advanced Topics (Page-469). | ||
| 650 | 0 | _aComputer algorithms. | |
| 650 | 0 |
_aComputer software _xDevelopment. |
|
| 650 | 0 | _aData structures (Computer science) | |
| 651 | _aE-BOOK | ||
| 942 |
_2ddc _cBK |
||
| 999 |
_c191402 _d191402 |
||